Molecular cloning of the full-length cDNA of (S)-hydroxynitrile lyase from Hevea brasiliensis. Functional expression in Escherichia coli and Saccharomyces cerevisiae and identification of an active site residue (Record no. 63184)

MARC details
000 -LEADER
fixed length control field 00714nam a2200217Ia 4500
100 ## - MAIN ENTRY--AUTHOR NAME
Personal name Hasslacher M
245 #0 - TITLE STATEMENT
Title Molecular cloning of the full-length cDNA of (S)-hydroxynitrile lyase from Hevea brasiliensis. Functional expression in Escherichia coli and Saccharomyces cerevisiae and identification of an active site residue
260 ## - PUBLICATION, DISTRIBUTION, ETC. (IMPRINT)
Name of publisher Journal of Biological Chemistry
Year of publication 1996
300 ## - PHYSICAL DESCRIPTION
Number of Pages 5884-5891
500 ## - GENERAL NOTE
General note Source Year: 1996
650 ## - SUBJECT ADDED ENTRY--TOPICAL TERM
Topical Term hevea brasiliensis
650 ## - SUBJECT ADDED ENTRY--TOPICAL TERM
Topical Term Molecular cloning
700 ## - ADDED ENTRY--PERSONAL NAME
Personal name Griengi H
700 ## - ADDED ENTRY--PERSONAL NAME
Personal name Hayn M
700 ## - ADDED ENTRY--PERSONAL NAME
Personal name Kohlwein S D
700 ## - ADDED ENTRY--PERSONAL NAME
Personal name Schall M
700 ## - ADDED ENTRY--PERSONAL NAME
Personal name Schwab H
856 ## - ELECTRONIC LOCATION AND ACCESS
Uniform Resource Identifier PBA
942 ## - ADDED ENTRY ELEMENTS (KOHA)
Koha item type Journals
Holdings
Withdrawn status Lost status Damaged status Not for loan Home library Current library Shelving location Date acquired Serial Enumeration / chronology Koha item type
      Journals RRII Library RRII Library Physiology 17/12/2021 Volume 271, Issue 10 Journals